Представление документа в формате MARC21

Поле Инд. ПП Название Значение
Тип записи a
Библиографический уровень m
001 Контрольный номер f62a04a2895a436386aef7bc5c4ca2ea
005 Дата корректировки 20260408140740.8
020 a ISBN 978-5-7995-1211-8
c Цена, тираж 426 р. 50 к.
040 b Код языка каталог. rus
e Правила каталог. PSBO
041 0_ a Код языка текста rus
080 a Индекс УДК 517.97(075.8)
080 a Индекс УДК 519.87(075.8)
090 a Полочн. индекс 517
x Авторский знак М 25
097 b Оператор *Ст*
b Оператор *Вин*
097 b Оператор *Ж*
097 b Оператор *Фа-С*
100 1_ a Автор Марголис Б.И.
245 10 a Заглавие *Методы оптимального управления
b Продолж. заглавия учебное пособие
b Продолж. заглавия в составе учебно-методического комплекса
c Ответственность Тверской государственный технический университет
260 a Место издания Тверь
b Издательство ТвГТУ
c Дата издания 2022
300 a Объем 84 с.
440 _0 a Серия УМК-У
515 a Прим. об особенностях нумерации № 4945
516 8_ a Прим. о типе комп. файла/ данных Текст : непосредственный
520 0_ a Аннотация Составлено для самостоятельной работы студентов, а также для использования на занятиях по дисциплине «Методы оптимального управления». Содержит необходимый теоретический материал, примеры решения задач и задачи для самостоятельного решения. Изложены основы вариационного исчисления, знание которых необходимо для решения задач оптимального управления. Предназначено для студентов, обучающихся по специальности 27.03.04 Управление в технических системах.
583 a Действие Приписка : УМК
653 0_ a Ключевые слова Методы оптимального управления
a Ключевые слова Критерий оптимальности
a Ключевые слова Вариации функционала
a Ключевые слова Детерминированные системы
a Ключевые слова Вариационное исчисление
a Ключевые слова Оптимальное управление
655 07 a Жанр/ форма (устаревшее) М
700 12 a Другие авторы Кузин П.К.
773 18 w Контрольный № источника 116784
w Контрольный № источника RU/IS/BASE/466090459
900 a Имя макрообъекта 001-000148225-000000000-0000-0000-00
901 t Тип документа m
905 a Дата создания записи 21.06.22
c Дата приписки 20.02.23
c Дата приписки 01.11.23
922 c Кафедра Автоматизация технологических процессов
951 i EL-ТГТУ? Да
952 a Тип литературы для КСУ ВШ М2
990 h N записи в КСУ для Б/У (DOS) 17/2022
h N записи в КСУ для Б/У (DOS) 8/2026
990 g Размещение заказа (DOS) РИЦ
j Количество экземпляров (DOS) 42+3
990 f Даты поступлений (DOS) 15.06.22
f Даты поступлений (DOS) 07.04.26